000 00565cam a22002291 4500
001 sa 64005586
003 DLC
005 20260227112033.0
008 890412s1962 ii 000 0 tamo
010 _asa 64005586
035 _a(OCoLC)19541526
040 _aDLC
_cWaU
_dDLC
042 _apremarc
050 0 0 _aBL1146.T6
_bT67
100 0 _aCentur̲aimuttu.
245 1 0 _aTolkāppiyar vāl̲kkai ner̲i.
260 _c[1962]
300 _a139 p.
_c18 cm.
500 _aIn Tamil.
600 0 0 _aTolkāppiyar.
_tTolkāppiyam.
650 0 _aHindu way of life.
999 _c59196
_d59196